| 000 | 00472nam a22001697a 4500 | ||
|---|---|---|---|
| 003 | IT-RoPau | ||
| 005 | 20220918181107.0 | ||
| 008 | 130527b xxu||||| |||| 00| 0 eng d | ||
| 040 | _cIT-RoPau | ||
| 245 |
_aLe nostre mamme. _bAntologia minima |
||
| 250 | _a1° ed | ||
| 260 |
_as.l. _bSSP _c1967 |
||
| 300 |
_a117 pp. _c21,5 cm |
||
| 490 | _aEd. Scolastiche San Paolo | ||
| 520 | _aIndice Anche Dio ha una mamma L'incanto La lontananza Il rimpianto | ||
| 942 |
_2ddc _cBK |
||
| 999 |
_c98628 _d98628 |
||